000 00677nam a2200205 a 4500
005 20250331184418.0
007 ta
008 960311s1995 ck a gr 000 0 spa
015 _ack-1995-xxxx
040 _aCO-CtgCURN
_bspa
_ccoctgcurn
082 0 _a341.73
_bC873
100 1 _aCovo Torres, Javier,
_d1958-
245 1 4 _aLos países no alineados :
_bXI Cumbre, Cartagena, Colombia /
_cJavier Covo Torres.
260 _aBogotá :
_bTercer Mundo,
_c1995.
300 _a234 p. :
_btodas il. ;
_c28 cm.
651 4 _aPaíses no alineados.
942 _2ddc
_cBK
_h341.73
_iC873
960 _b341.73
_cC782
999 _c18857
_d18857